| 000 | 00889 am a22002893u 4500 | ||
|---|---|---|---|
| 999 |
_c28797 _d28768 |
||
| 001 | 010314565 | ||
| 003 | EG-ScBUE | ||
| 005 | 20200923111451.0 | ||
| 008 | 741222s1966 enka f 001 0 eng d | ||
| 040 |
_aUk _beng _erda _cUk _dEG-ScBUE |
||
| 082 | 0 | 4 |
_a959 _bCRO _222 |
| 100 | 1 |
_aCrozier, Brian, _d1918-2012, _eauthor. _917139 |
|
| 245 | 1 | 0 |
_aSouth East Asia in turmoil / _cBrian Crosier. |
| 250 | _aRevised edition. | ||
| 264 | 1 |
_aMiddlesex, England : _bPenguin Books Ltd, _c1966. |
|
| 300 |
_a214 pages : _billustrations ; _c18 cm. |
||
| 336 |
_atext _2rdacontent _btxt |
||
| 337 |
_aunmediated _2rdamedia _bn |
||
| 338 |
_avolume _2rdacarrier _bnc |
||
| 490 | 0 | _aa Pelican originals | |
| 500 | _aPrevious ed. (B66-2606) 1966. | ||
| 500 | _aIncludes index. | ||
| 651 | 7 |
_aSoutheast Asia. _2BUEsh |
|
| 653 |
_bGGEN _cSeptember2020 |
||
| 655 |
_vReading book _934232 |
||
| 942 |
_2ddc _cBB |
||